| 000 | 00824nam a22002777a 4500 | ||
|---|---|---|---|
| 001 | BR9902401 | ||
| 003 | BR-BrBNA | ||
| 005 | 20230928100301.0 | ||
| 007 | ta | ||
| 008 | 230509b bl.||||| |||| 00| 0 por d | ||
| 040 |
_aBR-BrBNA _bpor _cBiblioteca Nacional de Agricultura |
||
| 041 | _a(Por) | ||
| 072 |
_aF01 _b1980 |
||
| 090 | _ 1980 BR9902401 | ||
| 100 | 1 | _aSilva, S. | |
| 100 | 1 | _aAzevedo, A.R. de | |
| 110 | 1 |
_aSociedade Nordestina de Producao Animal, Fortaleza, CE (Brasil) _99938 |
|
| 111 | 1 |
_a1. Congresso Nordestino de Producao Animal _cFortaleza, CE (Brazil) _d6-11 Dec 1998 |
|
| 245 | 1 | _aAlgarobeira; perguntas e respostas | |
| 260 | 3 |
_aFortaleza, CE (Brasil): _c1998. |
|
| 300 | _a103 p. | ||
| 650 | _aAlgaroba | ||
| 650 | _aPratica Cultural | ||
| 909 |
_a202309 _bLucia _c55 _dLucia Elande |
||
| 942 | _cBK | ||
| 999 |
_c60817 _d60817 |
||